Последние похождения Арсена Люпэна, взломщика-джентльмена. Т. 2: Три убийства Арсена Люпэна (Запись № 7206400)

Подробности
000 -МАРКЕР
контрольное поле 01451nam2a22002531 4500
001 - ИДЕНТИФИКАТОР ЗАПИСИ
контрольное поле rc\103541
005 - ИДЕНТИФИКАТОР ВЕРСИИ
контрольное поле 20250620194453.0
010 ## - МЕЖДУНАРОДНЫЙ СТАНДАРТНЫЙ НОМЕР КНИГИ (ISBN)
Номер (ISBN) 5-85980-034-7
Уточнения Малое предприятие "Диалог", Москва
035 ## - ДРУГИЕ СИСТЕМНЫЕ НОМЕРА
Идентификатор записи (NLR Aleph) 005393381
100 ## - ДАННЫЕ ОБЩЕЙ ОБРАБОТКИ
Данные общей обработки 20021216d1993 |||y0rusy50 ca
101 0# - ЯЗЫК РЕСУРСА
Язык текста, звукозаписи и т.д. русский
102 ## - СТРАНА ПУБЛИКАЦИИ ИЛИ ПРОИЗВОДСТВА
Страна публикации Российская Федерация
105 ## - ПОЛЕ КОДИРОВАННЫХ ДАННЫХ: ТЕКСТОВЫЕ МАТЕРИАЛЫ, МОНОГРАФИЧЕСКИЕ
Кодированные данные о монографическом текстовом документе y |||||||||
200 1# - ЗАГЛАВИЕ И СВЕДЕНИЯ ОБ ОТВЕТСТВЕННОСТИ
Основное заглавие Три убийства Арсена Люпэна
215 ## - ФИЗИЧЕСКАЯ ХАРАКТЕРИСТИКА
Специфическое обозначение материала и объем 253, [3] с.
Другие сведения о физической характеристике ил
461 #0 - УРОВЕНЬ НАБОРА
Встроенное поле 001rc\103539
-- 2001#$aПоследние похождения Арсена Люпэна, взломщика-джентльмена$eРоман$e[В 2 ч.]$fМорис Леблан$g[Пер. с фр. А.Ш. Когана$gХудож. Сауляк Н.А.]$vТ. 2
-- 700#1$aЛеблан$bМ.$gМорис$f1864-1941$3RU\NLR\auth\7750011
Системный номер (АБИС) связанной записи 7206382
Автор Леблан, М. (писатель ; 1864-1941)
Место публикации Калининград
Дата публикации 1993
Первые сведения об ответственности Морис Леблан
Имя издателя, распространителя и т.д. ИПП "Янтар. сказ"
Сведения, относящиеся к заглавию Роман : [В 2 ч.]
Заглавие Последние похождения Арсена Люпэна, взломщика-джентльмена
Номер тома Т. 2
604 ## - ИМЯ И ЗАГЛАВИЕ КАК ПРЕДМЕТ
Связываемые данные 700#1$aЛеблан$bМ.$gМорис
-- 50010$aТри убийства Арсена Люрэна$2psbo
Имя лица Леблан, Морис
Заглавие Три убийства Арсена Люрэна
801 #0 - ИСТОЧНИК ЗАПИСИ
Страна Российская Федерация
Организация NLR
Правила каталогизации psbo
801 #1 - ИСТОЧНИК ЗАПИСИ
Страна Российская Федерация
Организация ELAR
Источник данных rusmarc
852 ## - МЕСТОНАХОЖДЕНИЕ И ШИФР ХРАНЕНИЯ
Идентификатор организации NLR
Шифр хранения (Call Number) 94-2/623
942 ## - ДОПОЛНИТЕЛЬНЫЕ ЭЛЕМЕНТЫ ЗАПИСИ (АБИС)
Тип экземпляра АБИС Книга
980 ## - КОЛЛЕКЦИЯ
Название коллекции Национальная библиография
Экземпляры
Тип экземпляра Дата поступления Библиотека постоянного хранения Библиотека текущего хранения Место хранения Шифр хранения Штрих-код Статус экземпляра
Книга 26.10.2013 РНБ (Московский) РНБ (Московский) Русский книжный фонд: издания с 1957 года 94-2/623 5393381-10